| 000 | 01105nam a2200205Ia 4500 | ||
|---|---|---|---|
| 003 | Ost | ||
| 005 | 20260507075236.0 | ||
| 008 | 260507s9999||||xx |||||||||||||| ||und|| | ||
| 040 | _cfsecg | ||
| 041 | _aara | ||
| 082 | _a330 | ||
| 100 |
_aالطائي، حميد _eمؤلف |
||
| 245 | 0 |
_aأساسيات الاتصال : _bنماذج و مهارات / _c حميد الطائي |
|
| 260 |
_aعمان: _bدار اليازوري, _c2009 |
||
| 300 |
_a170 صفحة؛ _bإيضاحات ؛ _c24 سم |
||
| 520 | _aمفهوم الاتصال ووسائله و عناصره و نماذجه ، الاتصال وفق نوع الرسالة الاتصالية ، ووفق اتجاهه ، الاتصالات غير الرسمية ، معوقات الاتصال و أساليب و إستراتيجيات التغلب عليها أو تذليلها ، مهارات الاتصال ، ، المهارات الأساسية المطلوبة لعملية الاتصال مع دراسة حالة تطبيقية . | ||
| 653 | _aالاتصال | ||
| 700 |
_aالعلاق، بشير _eمؤلف ثانوي |
||
| 942 | _cكتاب | ||
| 999 |
_c43590 _d43590 |
||